000 00500naa a2200169 4500
005 20080924111043.0
008 080924t xxu||||| |||| 00| 0 eng d
020 _a9781406212556
037 _bBPPD/ PUB/RaintreePublishers/
040 _adpl
_bEnglish
100 _aSwift's,Jonathan
_941926
245 _aGulliver's travels /
_cby Jonathan Swift's
260 _aUK
_bRaintree Publishers
_c2009
270 _a7, Pilgrim Street,
_bLondon
300 _a63 p.
_c24 cm. (Hb.)
942 _adpl
_cEN
_2ddc
_mSWI
999 _c62739
_d62739